| 000 | 01177 a2200229 4500 | ||
|---|---|---|---|
| 003 | Nust | ||
| 005 | 20220802174206.0 | ||
| 010 | _a 98047919 | ||
| 020 | _a0819431389 (softcover) | ||
| 040 | _cNust | ||
| 082 | 0 | 0 | _a621.362,KAP |
| 100 | 1 |
_aKaplan, Herbert. _996343 |
|
| 245 | 1 | 0 |
_aPractical applications of infrared thermal sensing and imaging equipment / _cHerbert Kaplan. |
| 250 | _a2nd ed. | ||
| 260 |
_aBellingham, Wash. : _bSPIE Optical Engineering Press, _cc1999. |
||
| 300 |
_axiv, 163 p. : _bill. (some col.) ; _c26 cm. |
||
| 440 | 0 |
_aTutorial texts in optical engineering ; _vv. TT 34 _996344 |
|
| 505 | _aIntroduction (Page-1), Basics Of Non Contact Thermal Measurements (Page-7), Matching The Instrument To The Application (Page-37), Overview Of Instruments (Page-55), Using IR Sensing And Imaging Instruments (Page-75), Introduction To Applications (Page-89), Plant Condition Monitoring And Predictive Maintenance (Page-93), Building And Infrastructure (Page-103), Materials Testing (Page-109), Product And Process Monitoring And Control (Page-121). | ||
| 650 | 0 |
_aInfrared equipment. _996345 |
|
| 650 | 0 | _aTelecommunication Engineering. | |
| 942 |
_cREF _2ddc |
||
| 999 |
_c175605 _d175605 |
||